| 000 | 00508nam a2200169 i 4500 | ||
|---|---|---|---|
| 001 | 21602 | ||
| 003 | ES-MaACL | ||
| 005 | 20251011063051.0 | ||
| 007 | t| | ||
| 008 | 021126s1881 sp ||||1| spa d | ||
| 100 | 1 |
_aAlcalde y Valladares, Antonio, _d1829-1894 _919489 |
|
| 245 | 1 | 0 |
_aLepanto _b: canto épico dividido en dos partes / _cAntonio Alcalde Valladares. |
| 260 |
_aMadrid : _bMontenegro, _c1881. |
||
| 300 |
_a31 p. ; _c20 cm. |
||
| 852 |
_aES-MaACL _jT-365-F-9 |
||
| 999 |
_c21602 _d21602 |
||